[Event "Bad Pyrmont Pape op-A 2nd"]
[Site "Bad Pyrmont"]
[Date "2023.08.10"]
[Round "1"]
[White "Bundan, Edward"]
[Black "Schoettker, Jochen"]
[Result "1-0"]
[WhiteElo "1486"]
[BlackElo "1906"]
[PlyCount "101"]
[EventDate "2023.08.10"]
[EventType "swiss"]
[EventRounds "7"]
[EventCountry "GER"]
[SourceTitle "EXT 2024"]
[Source "ChessBase"]
[SourceDate "2023.10.10"]
[SourceVersion "1"]
[SourceVersionDate "2023.10.10"]
[SourceQuality "1"]

1. e4 e6 2. d4 d5 3. Nd2 Be7 4. c3 Nf6 5. e5 Nfd7 6. Bd3 c5 7. Ne2 b6 8. 0-0 Ba6 9. Bb1 Nc6 10. Nf3 g5 11. Bd3 Bxd3 12. Qxd3 g4 13. Ne1 Qc7 14. f4 0-0-0 15. f5 Rdg8 16. fxe6 fxe6 17. Nf4 Nd8 18. a4 c4 19. Qc2 Nf8 20. b4 a6 21. Ba3 b5 22. axb5 axb5 23. Bc1 Nc6 24. Qa2 Qb7 25. Nc2 Bg5 26. Nh5 Bxc1 27. Raxc1 Ng6 28. Nf6 Rf8 29. Nxg4 Nf4 30. Ne1 Qg7 31. Nf6 Qg5 32. Nf3 Qh6 33. Ra1 Kc7 34. Qc2 Nd3 35. Qd2 Qxd2 36. Nxd2 h6 37. Rf3 Ndxb4 38. cxb4 Nxd4 39. Ra7+ Kc6 40. Rfa3 Rb8 41. Nd7 Rb7 42. R3a6+ Kc7 43. Rxb7+ Kxb7 44. Nc5+ Kb8 45. Nxe6 Nxe6 46. Rxe6 Kc7 47. Rd6 Rd8 48. Rxd8 Kxd8 49. Nf3 c3 50. Nd4 Ke7 51. Kf2 1-0

[Event "GER-ch Net blitz qual2"]
[Site "Playchess.com INT"]
[Date "2021.05.04"]
[Round "6"]
[White "Lachmann, Utz"]
[Black "Schoettker, Jochen"]
[Result "1-0"]
[WhiteElo "1857"]
[BlackElo "1867"]
[PlyCount "111"]
[EventDate "2021.05.04"]
[EventType "swiss (blitz)"]
[EventRounds "11"]
[EventCountry "GER"]
[SourceTitle "CBM 202 Extra"]
[Source "ChessBase"]
[SourceDate "2021.07.31"]
[SourceVersion "1"]
[SourceVersionDate "2021.07.31"]
[SourceQuality "1"]

1. e4 e6 2. d4 d5 3. Nc3 Bb4 4. Bd3 dxe4 5. Bxe4 Nf6 6. Bg5 c5 7. Nge2 Qa5 8. Bxf6 gxf6 9. 0-0 cxd4 10. Qxd4 Nd7 11. Rad1 Qc5 12. a3 Qxd4 13. Rxd4 Bc5 14. Rd2 f5 15. Bf3 Ne5 16. Bh5 0-0 17. b4 Be7 18. f4 Nc4 19. Rd3 Bf6 20. Nb5 a6 21. Nc7 Rb8 22. Bf3 b5 23. Nd4 Bb7 24. Bxb7 Rxb7 25. Nxa6 Ra7 26. Nc5 Nxa3 27. Nc6 Rc7 28. Nd4 Bxd4+ 29. Rxd4 Nxc2 30. Rd7 Rxd7 31. Nxd7 Rd8 32. Ne5 Nxb4 33. Rb1 Rd4 34. g3 Kg7 35. Kf2 h5 36. Ke3 Nc2+ 37. Ke2 b4 38. Nc6 Rc4 39. Ne5 Re4+ 40. Kd3 Ne1+ 41. Kd2 Nf3+ 42. Nxf3 Rc4 43. Ne5 Rd4+ 44. Ke3 Re4+ 45. Kd3 h4 46. Rg1 f6 47. Nc6 hxg3 48. hxg3 b3 49. Kc3 Re3+ 50. Kb2 e5 51. Ne7 Re2+ 52. Kxb3 exf4 53. gxf4+ Kf7 54. Nxf5 Re4 55. Nd6+ Ke6 56. Nxe4 1-0

[Event "GER-ch Net blitz qual1"]
[Site "Playchess.com INT"]
[Date "2021.04.24"]
[Round "3"]
[White "Kurley, Roman"]
[Black "Schoettker, Jochen"]
[Result "1-0"]
[WhiteElo "1620"]
[BlackElo "1808"]
[PlyCount "93"]
[EventDate "2021.04.24"]
[EventType "swiss (blitz)"]
[EventRounds "11"]
[EventCountry "GER"]
[SourceTitle "CBM 202 Extra"]
[Source "ChessBase"]
[SourceDate "2021.07.31"]
[SourceVersion "1"]
[SourceVersionDate "2021.07.31"]
[SourceQuality "1"]

1. f4 e6 2. Nf3 f5 3. g3 Nf6 4. Bg2 d5 5. 0-0 Bd6 6. d3 b6 7. c4 Bb7 8. Nc3 Nbd7 9. Nb5 a6 10. Nxd6+ cxd6 11. Qb3 Qe7 12. Be3 dxc4 13. dxc4 Rb8 14. Rfd1 Nc5 15. Bxc5 bxc5 16. Qa4+ Qd7 17. Qxd7+ Kxd7 18. Ne5+ Kc7 19. Nf7 Rhf8 20. Nxd6 Bxg2 21. Kxg2 Rxb2 22. Kf3 Rd8 23. Nf7 Rxd1 24. Rxd1 Rxa2 25. Ng5 Ne4 26. Nxe6+ Kc6 27. Nxg7 a5 28. Nxf5 Nc3 29. Rd6+ Kc7 30. Ra6 Nxe2 31. g4 Nd4+ 32. Nxd4 cxd4 33. Ke4 Kb7 34. Rh6 Rd2 35. Rxh7+ Kb6 36. Rd7 a4 37. Rxd4 Rxh2 38. Rd1 Kc5 39. g5 Kxc4 40. g6 Kb3 41. f5 a3 42. Rd3+ Kb2 43. Rxa3 Kxa3 44. g7 Rg2 45. f6 Kb4 46. f7 Rxg7 47. f8Q+ 1-0

[Event "GER-ch Net blitz qual1"]
[Site "Playchess.com INT"]
[Date "2021.04.24"]
[Round "1"]
[White "Schoettker, Jochen"]
[Black "Im Sande, Frank"]
[Result "1-0"]
[WhiteElo "1808"]
[BlackElo "1523"]
[PlyCount "85"]
[EventDate "2021.04.24"]
[EventType "swiss (blitz)"]
[EventRounds "11"]
[EventCountry "GER"]
[SourceTitle "CBM 202 Extra"]
[Source "ChessBase"]
[SourceDate "2021.07.31"]
[SourceVersion "1"]
[SourceVersionDate "2021.07.31"]
[SourceQuality "1"]

1. Nf3 d5 2. g3 Nf6 3. Bg2 c6 4. 0-0 Bf5 5. d4 h6 6. b3 e6 7. Bb2 Be7 8. c4 0-0 9. Nc3 Nbd7 10. Nd2 Bh7 11. e4 Nxe4 12. Ndxe4 dxe4 13. Nxe4 Nf6 14. Qe2 Nxe4 15. Bxe4 Bxe4 16. Qxe4 Bf6 17. Rad1 Qb6 18. Rd2 Rad8 19. Rfd1 Rfe8 20. f4 Rd7 21. Kf2 Red8 22. Kf3 c5 23. dxc5 Rxd2 24. cxb6 Rxd1 25. Bxf6 gxf6 26. bxa7 R1d7 27. Qe1 Ra8 28. Qa5 Rd6 29. Qb5 Ra6 30. a4 R6xa7 31. c5 Rc8 32. b4 Ra6 33. a5 Ra7 34. Qb6 Ra6 35. Qxb7 Rac6 36. a6 R6c7 37. Qb6 Rc6 38. Qb5 R6c7 39. Qa5 Ra7 40. b5 Rxc5 41. Qb6 Rac7 42. a7 Rc8 43. Qxc5 1-0

[Event "GER Cup Net Final-B U2000"]
[Site "Playchess.com INT"]
[Date "2020.06.06"]
[Round "12"]
[White "Blauhut, Holger"]
[Black "Schoettker, Jochen"]
[Result "1/2-1/2"]
[WhiteElo "1920"]
[BlackElo "1825"]
[PlyCount "103"]
[EventDate "2020.06.06"]
[EventType "swiss (blitz)"]
[EventRounds "13"]
[EventCountry "GER"]
[SourceTitle "CBM 197 Extra"]
[Source "ChessBase"]
[SourceDate "2020.09.30"]
[SourceVersion "1"]
[SourceVersionDate "2020.09.30"]
[SourceQuality "1"]

1. e4 e6 2. d4 d5 3. Bd3 dxe4 4. Bxe4 Nf6 5. Bf3 Nbd7 6. Ne2 e5 7. 0-0 Bd6 8. Re1 0-0 9. Ng3 exd4 10. Qxd4 Bc5 11. Qh4 c6 12. Nc3 Qb6 13. Nge4 Nxe4 14. Nxe4 Ne5 15. Qg3 Nxf3+ 16. Qxf3 Bd4 17. c3 Bc5 18. Qh5 f5 19. Nxc5 Qxc5 20. Be3 Qb5 21. b3 Bd7 22. Rad1 Be8 23. Qf3 Bf7 24. c4 Qa5 25. Re2 Rad8 26. Red2 Rxd2 27. Rxd2 Rd8 28. Qd1 Rxd2 29. Qxd2 Qxd2 30. Bxd2 a6 31. Kf1 Kf8 32. Ke2 Ke8 33. Kd3 Kd7 34. Kd4 b6 35. b4 Ke6 36. Bf4 Be8 37. a3 h6 38. h4 Bd7 39. Bc7 b5 40. cxb5 axb5 41. Kc5 Be8 42. f4 Bd7 43. Be5 g6 44. Kb6 Be8 45. Kc7 Bd7 46. Kb6 Ke7 47. Kc5 Ke6 48. g3 h5 49. Bc7 Be8 50. Kd4 Bd7 51. Bb6 Be8 52. Bc5 1/2-1/2

[Event "GER Cup Net Final-B U2000"]
[Site "Playchess.com INT"]
[Date "2020.06.06"]
[Round "9"]
[White "Meschke, Andreas"]
[Black "Schoettker, Jochen"]
[Result "0-1"]
[WhiteElo "1867"]
[BlackElo "1825"]
[PlyCount "114"]
[EventDate "2020.06.06"]
[EventType "swiss (blitz)"]
[EventRounds "13"]
[EventCountry "GER"]
[SourceTitle "CBM 197 Extra"]
[Source "ChessBase"]
[SourceDate "2020.09.30"]
[SourceVersion "1"]
[SourceVersionDate "2020.09.30"]
[SourceQuality "1"]

1. e4 e6 2. d4 d5 3. Nc3 Bb4 4. e5 c5 5. Bd2 cxd4 6. Nb5 Be7 7. Qg4 g6 8. Nxd4 Nc6 9. Ngf3 h5 10. Qf4 Nh6 11. Bd3 Nf5 12. Bxf5 gxf5 13. 0-0-0 Bd7 14. Rhe1 Qb6 15. Bc3 0-0-0 16. Ng5 Rdf8 17. h4 Bc5 18. Nxf5 exf5 19. e6 fxe6 20. Bxh8 Rxh8 21. Nxe6 Bxf2 22. Re2 Bc5 23. Rxd5 Bf8 24. Rb5 Qg1+ 25. Kd2 Bxe6 26. Rxe6 Qxg2+ 27. Re2 Bh6 28. Rxg2 Bxf4+ 29. Kc3 Be5+ 30. Kc4 Rf8 31. Rg6 Bc7 32. Rg5 Ne5+ 33. Kd4 Nf3+ 34. Kd5 Nxg5 35. hxg5 f4 36. Ke6 f3 37. g6 f2 38. g7 Rg8 39. Rf5 Rxg7 40. Rf8+ Bd8 41. Rxf2 Rg5 42. c4 b6 43. b4 Rg4 44. c5 bxc5 45. bxc5 Rc4 46. Kd5 Ra4 47. Kc6 Ra6+ 48. Kd5 Rh6 49. c6 h4 50. Rh2 h3 51. Ke4 Bc7 52. Rh1 h2 53. Kf3 Rxc6 54. Kg2 Rg6+ 55. Kf2 Bb6+ 56. Kf3 Bg1 57. Ke4 Ra6 0-1

[Event "GER Cup Net V2 U2000"]
[Site "Playchess.com INT"]
[Date "2020.05.22"]
[Round "9"]
[White "Lucas, Michael"]
[Black "Schoettker, Jochen"]
[Result "0-1"]
[WhiteElo "1899"]
[BlackElo "1834"]
[PlyCount "74"]
[EventDate "2020.05.22"]
[EventType "swiss (blitz)"]
[EventRounds "9"]
[EventCountry "GER"]
[SourceTitle "EXT 2021"]
[Source "ChessBase"]
[SourceDate "2020.10.23"]
[SourceVersion "1"]
[SourceVersionDate "2020.10.23"]
[SourceQuality "1"]

1. d4 e6 2. Nf3 f5 3. g3 Nf6 4. Bg2 d5 5. 0-0 Bd6 6. b3 0-0 7. c4 c6 8. Ba3 Bxa3 9. Nxa3 b6 10. Qc1 Nbd7 11. e3 a5 12. Qb2 Ba6 13. Rfd1 Ne4 14. Rac1 Rc8 15. b4 axb4 16. Qxb4 c5 17. dxc5 bxc5 18. Qb2 Qb6 19. Qc2 Qa5 20. cxd5 Qxa3 21. dxe6 Nb6 22. Ne5 Rfe8 23. Nd7 Nc4 24. Bxe4 fxe4 25. Qxe4 Qxa2 26. Qd5 Kh8 27. h4 Qa4 28. h5 h6 29. Qf5 Qc6 30. Ne5 Nxe5 31. Qxe5 Bb7 32. e4 Qxe4 33. Qxe4 Bxe4 34. Re1 Bf5 35. e7 Rc7 36. Re5 Bd3 37. f4 c4 0-1

[Event "GER Cup Net V2 U2000"]
[Site "Playchess.com INT"]
[Date "2020.05.22"]
[Round "7"]
[White "Melde, Volker"]
[Black "Schoettker, Jochen"]
[Result "1/2-1/2"]
[WhiteElo "1798"]
[BlackElo "1828"]
[PlyCount "51"]
[EventDate "2020.05.22"]
[EventType "swiss (blitz)"]
[EventRounds "9"]
[EventCountry "GER"]
[SourceTitle "EXT 2021"]
[Source "ChessBase"]
[SourceDate "2020.10.23"]
[SourceVersion "1"]
[SourceVersionDate "2020.10.23"]
[SourceQuality "1"]

1. c4 e6 2. Nc3 f5 3. d4 Nf6 4. g3 d5 5. cxd5 exd5 6. Bg2 c6 7. Bg5 Be7 8. e3 h6 9. Bxf6 Bxf6 10. Qh5+ Kf8 11. Nh3 Qe8 12. Qxe8+ Kxe8 13. 0-0-0 g5 14. Rhe1 Kf7 15. Ng1 Be6 16. a3 Nd7 17. Kb1 a5 18. Na4 b5 19. Nc5 Nxc5 20. dxc5 Rhd8 21. Ne2 Rd7 22. Nd4 Bxd4 23. Rxd4 Kf6 24. Kc2 Rad8 25. Kc3 Bf7 26. Red1 1/2-1/2

[Event "GER Cup Net V2 U2000"]
[Site "Playchess.com INT"]
[Date "2020.05.22"]
[Round "3"]
[White "Noack, Thomas"]
[Black "Schoettker, Jochen"]
[Result "0-1"]
[WhiteElo "1647"]
[BlackElo "1810"]
[PlyCount "70"]
[EventDate "2020.05.22"]
[EventType "swiss (blitz)"]
[EventRounds "9"]
[EventCountry "GER"]
[SourceTitle "EXT 2021"]
[Source "ChessBase"]
[SourceDate "2020.10.23"]
[SourceVersion "1"]
[SourceVersionDate "2020.10.23"]
[SourceQuality "1"]

1. e4 e6 2. d4 d5 3. Nd2 Nf6 4. e5 Nfd7 5. f4 c5 6. c3 b6 7. Ndf3 a5 8. Bd3 Ba6 9. Bxa6 Nxa6 10. a3 b5 11. dxc5 Naxc5 12. Nd4 Qb6 13. Ngf3 Ne4 14. Qe2 Rb8 15. Be3 Qb7 16. 0-0 Be7 17. Rad1 0-0 18. g4 b4 19. axb4 axb4 20. c4 dxc4 21. Qxc4 Rfc8 22. Qe2 b3 23. f5 exf5 24. gxf5 Ndc5 25. e6 fxe6 26. fxe6 Rf8 27. Ne5 Bf6 28. Ng4 Rbe8 29. Qc4 Kh8 30. Nf5 Nxe6 31. Nd6 Nxd6 32. Rxd6 Qc7 33. Qd3 Bxb2 34. Rxf8+ Nxf8 35. Rd7 Qxd7 0-1

[Event "GER Cup Net V2 U2000"]
[Site "Playchess.com INT"]
[Date "2020.05.22"]
[Round "2"]
[White "Platz, Daniel1111"]
[Black "Schoettker, Jochen"]
[Result "0-1"]
[WhiteElo "1622"]
[BlackElo "1797"]
[PlyCount "120"]
[EventDate "2020.05.22"]
[EventType "swiss (blitz)"]
[EventRounds "9"]
[EventCountry "GER"]
[SourceTitle "EXT 2021"]
[Source "ChessBase"]
[SourceDate "2020.10.23"]
[SourceVersion "1"]
[SourceVersionDate "2020.10.23"]
[SourceQuality "1"]

1. e4 e6 2. d4 d5 3. e5 c5 4. c3 Nc6 5. Nf3 Bd7 6. b3 Qb6 7. Bb2 f6 8. Be2 cxd4 9. cxd4 Bb4+ 10. Nbd2 fxe5 11. dxe5 Nh6 12. 0-0 0-0 13. a3 Be7 14. Rc1 Nf7 15. Bd3 Rac8 16. Re1 Na5 17. Bd4 Bc5 18. Bxc5 Rxc5 19. Rxc5 Qxc5 20. b4 Qc3 21. Nb1 Qb2 22. bxa5 Rc8 23. Qd2 Qb3 24. Qe3 Qa4 25. Qxa7 Bc6 26. Qd4 Qxa5 27. Qb4 Qa7 28. Nc3 h6 29. Nb5 Qb6 30. a4 Ra8 31. Ra1 g5 32. h3 Kg7 33. a5 Qd8 34. Nd6 Nxd6 35. exd6 Qd7 36. Ne5 Qe8 37. Nxc6 Qxc6 38. Qb6 Qxb6 39. axb6 Rxa1+ 40. Kh2 Kf7 41. d7 Ke7 42. Bb5 Rb1 43. Ba4 Rxb6 44. Kg3 Rd6 45. h4 gxh4+ 46. Kxh4 d4 47. Kh5 d3 48. Kxh6 d2 49. Bd1 b5 50. g4 Kxd7 51. g5 e5+ 52. Kh7 Ke7 53. g6 Rd7 54. g7 Kf6 55. Kh6 Rxg7 56. Kh5 Rg2 57. f3 Rf2 58. Kg4 Rf1 59. Be2 d1Q 60. Bxd1 Rxd1 0-1

[Event "GER-ch Net Amateur Gr-A Vor1"]
[Site "Playchess.com INT"]
[Date "2020.04.14"]
[Round "5"]
[White "Schoettker, Jochen"]
[Black "Scharrer, Udo"]
[Result "0-1"]
[WhiteElo "1784"]
[BlackElo "1651"]
[PlyCount "118"]
[EventDate "2020.04.14"]
[EventType "swiss (blitz)"]
[EventRounds "9"]
[EventCountry "GER"]
[SourceTitle "EXT 2021"]
[Source "ChessBase"]
[SourceDate "2020.10.23"]
[SourceVersion "1"]
[SourceVersionDate "2020.10.23"]
[SourceQuality "1"]

1. Nf3 Nf6 2. d4 g6 3. Bf4 Bg7 4. e3 0-0 5. h3 d6 6. Be2 c5 7. 0-0 Be6 8. c4 cxd4 9. exd4 d5 10. c5 b6 11. b4 bxc5 12. bxc5 Nc6 13. Nbd2 Ne4 14. Be3 Nc3 15. Qe1 Nb4 16. Nb3 Ncxa2 17. Qd2 a5 18. Rxa2 Nxa2 19. Qxa2 a4 20. Nbd2 Qa5 21. Ra1 Rfb8 22. Nf1 Bd7 23. Bd2 Qa7 24. Bd3 Rb3 25. Bc2 Rbb8 26. Qxd5 a3 27. Ne5 Be6 28. Qe4 a2 29. g4 Qa3 30. Bc1 Qc3 31. Nc6 Qxa1 32. Nxe7+ Kh8 33. Bf4 Re8 34. Bd6 Qb2 35. Be5 a1Q 36. Bxg7+ Kxg7 37. Qe5+ f6 38. Qxe6 Qxd4 39. Nf5+ gxf5 40. Qxf5 Qe5 41. Qxh7+ Kf8 42. Qh6+ Ke7 43. Qg7+ Kd8 44. Bf5 Qe7 45. Qh6 Qae5 46. Qd2+ Kc7 47. Qb4 Q5xc5 48. Qf4+ Qce5 49. Qc4+ Q7c5 50. Qf7+ Re7 51. Qb3 Qe2 52. Qg3+ Kb6 53. Qb3+ Qcb5 54. Qxb5+ Kxb5 55. Ne3 Kb4 56. Nd5+ Kb3 57. Nxe7 Qxe7 58. Bc2+ Kxc2 59. h4 Qe1+ 0-1

[Event "GER-ch Net blitz qual4"]
[Site "Playchess.com INT"]
[Date "2020.03.23"]
[Round "2"]
[White "Brunke, Christian"]
[Black "Schoettker, Jochen"]
[Result "1-0"]
[WhiteElo "2146"]
[BlackElo "1943"]
[PlyCount "83"]
[EventDate "2020.03.23"]
[EventType "swiss (blitz)"]
[EventRounds "9"]
[EventCountry "GER"]
[SourceTitle "CBM 195 Extra"]
[Source "ChessBase"]
[SourceDate "2020.05.31"]
[SourceVersion "1"]
[SourceVersionDate "2020.05.31"]
[SourceQuality "1"]

1. e4 e6 2. d4 d5 3. Nc3 Bb4 4. exd5 exd5 5. Qf3 c6 6. Bd3 Nf6 7. Bg5 Bg4 8. Qg3 Nbd7 9. Nge2 h6 10. Be3 Bxe2 11. Bxe2 Qa5 12. Bd2 0-0-0 13. 0-0 g5 14. Bd3 Qc7 15. Qxc7+ Kxc7 16. Rfe1 Rde8 17. h3 Bd6 18. Kf1 Rxe1+ 19. Rxe1 Re8 20. Nd1 Rxe1+ 21. Kxe1 c5 22. dxc5 Nxc5 23. Be2 Nfe4 24. Be3 Be5 25. c3 b6 26. Bf3 Kd6 27. Be2 f5 28. f3 Nf6 29. Bf2 f4 30. c4 Ne6 31. cxd5 Nxd5 32. Bc4 Nb4 33. Kd2 Nc6 34. Bxe6 Kxe6 35. a3 Kd5 36. Kd3 Na5 37. Be1 Nc4 38. Bc3 Bxc3 39. Nxc3+ Kc5 40. Ne4+ Kb5 41. Nc3+ Kc5 42. b4+ 1-0

[Event "GER-ch Net blitz qual4"]
[Site "Playchess.com INT"]
[Date "2020.03.23"]
[Round "1"]
[White "Schoettker, Jochen"]
[Black "Rosner, Jonas"]
[Result "1/2-1/2"]
[WhiteElo "1943"]
[BlackElo "2432"]
[PlyCount "68"]
[EventDate "2020.03.23"]
[EventType "swiss (blitz)"]
[EventRounds "9"]
[EventCountry "GER"]
[SourceTitle "CBM 195 Extra"]
[Source "ChessBase"]
[SourceDate "2020.05.31"]
[SourceVersion "1"]
[SourceVersionDate "2020.05.31"]
[SourceQuality "1"]

1. Nf3 d5 2. g3 Bg4 3. Bg2 Nd7 4. d4 Ngf6 5. 0-0 e6 6. b3 Bd6 7. Bb2 0-0 8. c4 c6 9. Nc3 h6 10. h3 Bf5 11. Nd2 Qe7 12. e4 dxe4 13. Ndxe4 Ba3 14. Bxa3 Qxa3 15. Qc1 Qa5 16. a3 Rad8 17. b4 Qc7 18. Qe3 Rfe8 19. Rad1 e5 20. Nxf6+ Nxf6 21. d5 e4 22. dxc6 Qxc6 23. c5 a6 24. Qf4 Qe6 25. Kh2 Bg6 26. Rfe1 Qb3 27. Rxd8 Rxd8 28. Nxe4 Nxe4 29. Bxe4 Qc3 30. Re3 Qa1 31. Bxg6 fxg6 32. Re7 Rd1 33. Qf7+ Kh7 34. Qf3 Rc1 1/2-1/2

[Event "GER-ch Net blitz qual4"]
[Site "Playchess.com INT"]
[Date "2020.03.23"]
[Round "4"]
[White "Schoettker, Jochen"]
[Black "Ullmann, Ralf"]
[Result "1-0"]
[WhiteElo "1943"]
[BlackElo "1768"]
[PlyCount "101"]
[EventDate "2020.03.23"]
[EventType "swiss (blitz)"]
[EventRounds "9"]
[EventCountry "GER"]
[SourceTitle "CBM 195 Extra"]
[Source "ChessBase"]
[SourceDate "2020.05.31"]
[SourceVersion "1"]
[SourceVersionDate "2020.05.31"]
[SourceQuality "1"]

1. Nf3 c5 2. g3 Nc6 3. Bg2 e6 4. 0-0 d5 5. d4 Nf6 6. c4 cxd4 7. Nxd4 Nxd4 8. Qxd4 Be7 9. Nc3 dxc4 10. Qxc4 0-0 11. Rd1 Qb6 12. Na4 Qb4 13. Qxb4 Bxb4 14. a3 Ba5 15. b4 Bc7 16. Bg5 Rb8 17. Rac1 Be5 18. Rc2 b6 19. f4 h6 20. fxe5 hxg5 21. exf6 gxf6 22. Rc7 Ba6 23. Bf1 Bb5 24. Nc3 a6 25. Nxb5 axb5 26. e4 Rfd8 27. Rdd7 Rxd7 28. Rxd7 Ra8 29. Rd3 Kg7 30. Rc3 f5 31. exf5 exf5 32. Bxb5 f6 33. Kf2 Rd8 34. Rd3 Ra8 35. Kf3 Rc8 36. Bd7 Rc7 37. Bxf5 Rc1 38. Rd7+ Kf8 39. Rd3 Rf1+ 40. Ke4 Re1+ 41. Kd5 Re5+ 42. Kc6 Rxf5 43. Kxb6 Rf2 44. h4 gxh4 45. gxh4 Rh2 46. Rd4 Kg7 47. a4 Kg6 48. a5 Kh5 49. a6 f5 50. a7 Ra2 51. Kb7 1-0

[Event "GER-ch Net blitz qual4"]
[Site "Playchess.com INT"]
[Date "2020.03.23"]
[Round "7"]
[White "Staeblein, Christoph"]
[Black "Schoettker, Jochen"]
[Result "1-0"]
[WhiteElo "2170"]
[BlackElo "1943"]
[PlyCount "49"]
[EventDate "2020.03.23"]
[EventType "swiss (blitz)"]
[EventRounds "9"]
[EventCountry "GER"]
[SourceTitle "CBM 195 Extra"]
[Source "ChessBase"]
[SourceDate "2020.05.31"]
[SourceVersion "1"]
[SourceVersionDate "2020.05.31"]
[SourceQuality "1"]

1. d4 e6 2. c4 f5 3. g3 Nf6 4. Bg2 d5 5. Nh3 c6 6. Qc2 Bd6 7. Bf4 0-0 8. Bxd6 Qxd6 9. Nd2 Nbd7 10. Nf3 e5 11. dxe5 Nxe5 12. cxd5 Nxd5 13. 0-0 Be6 14. Rfd1 Nxf3+ 15. Bxf3 Qb4 16. Ng5 Rae8 17. Nxe6 Rxe6 18. Rxd5 cxd5 19. Bxd5 Rfe8 20. Qxf5 Qd6 21. Bxe6+ Qxe6 22. Qxe6+ Rxe6 23. e3 Rc6 24. Rd1 Rc2 25. Rd8+ 1-0

[Event "GER-ch Net blitz qual4"]
[Site "Playchess.com INT"]
[Date "2020.03.23"]
[Round "5"]
[White "Wehner, Roland"]
[Black "Schoettker, Jochen"]
[Result "1-0"]
[WhiteElo "2251"]
[BlackElo "1943"]
[PlyCount "45"]
[EventDate "2020.03.23"]
[EventType "swiss (blitz)"]
[EventRounds "9"]
[EventCountry "GER"]
[SourceTitle "CBM 195 Extra"]
[Source "ChessBase"]
[SourceDate "2020.05.31"]
[SourceVersion "1"]
[SourceVersionDate "2020.05.31"]
[SourceQuality "1"]

1. g3 e6 2. Bg2 f5 3. b3 Nf6 4. Bb2 d5 5. c4 c6 6. d4 Bd6 7. Nh3 0-0 8. 0-0 Bd7 9. Nd2 Be8 10. f3 Bh5 11. Qc2 Nbd7 12. Rae1 Qc7 13. e4 fxe4 14. fxe4 dxe4 15. Nxe4 Nxe4 16. Bxe4 Nf6 17. Ng5 Bxg3 18. Nxe6 Bxh2+ 19. Qxh2 Qxh2+ 20. Kxh2 Rfe8 21. Nc7 Nxe4 22. Nxa8 Rxa8 23. Rxe4 1-0

[Event "GER-ch Net blitz qual3"]
[Site "Playchess.com INT"]
[Date "2020.03.21"]
[Round "8"]
[White "Schoettker, Jochen"]
[Black "Zhou, Lepu Coco"]
[Result "0-1"]
[WhiteElo "1943"]
[BlackElo "1872"]
[PlyCount "146"]
[EventDate "2020.03.21"]
[EventType "swiss (blitz)"]
[EventRounds "9"]
[EventCountry "GER"]
[SourceTitle "CBM 195 Extra"]
[Source "ChessBase"]
[SourceDate "2020.05.31"]
[SourceVersion "1"]
[SourceVersionDate "2020.05.31"]
[SourceQuality "1"]

1. Nf3 Nf6 2. d4 g6 3. Bf4 Bg7 4. e3 0-0 5. h3 d6 6. Be2 Nbd7 7. 0-0 c5 8. c3 Nd5 9. Bh2 cxd4 10. exd4 Qb6 11. Qb3 Qxb3 12. axb3 e5 13. dxe5 dxe5 14. Rd1 N5b6 15. Nbd2 f5 16. Nc4 Nxc4 17. Bxc4+ Kh8 18. Ng5 h6 19. Ne6 Rf6 20. Nc7 Rb8 21. Be6 Nc5 22. Rd8+ Rf8 23. Rxf8+ Bxf8 24. Bxc8 Rxc8 25. Bxe5+ Bg7 26. Bxg7+ Kxg7 27. Nd5 a6 28. b4 Nd3 29. Ra5 Nxb2 30. Kf1 Re8 31. Rc5 Nd3 32. Rc7+ Kf8 33. g3 Re1+ 34. Kg2 Re2 35. Nf4 Nxf4+ 36. gxf4 Re7 37. Rc8+ Kf7 38. Kf3 Kf6 39. Rc5 b6 40. Rc6+ Re6 41. Rc7 g5 42. fxg5+ hxg5 43. Ra7 b5 44. Rc7 Ke5 45. Rc5+ Kf6 46. Kg3 Re5 47. Rc6+ Re6 48. Rc8 Ke5 49. Rc5+ Kf6 50. Kf3 Re5 51. Rc8 Re6 52. Rf8+ Ke5 53. Rg8 Kf6 54. Rh8 Ke5 55. Rg8 Kf6 56. Kg3 Rc6 57. Rh8 Rxc3+ 58. Kg2 Ke5 59. Rh6 Kf4 60. Rxa6 Rc4 61. Rh6 Rxb4 62. h4 Rb2 63. hxg5 Kxg5 64. Rb6 b4 65. Kg3 b3 66. f4+ Kh5 67. Rb8 Rb1 68. Rh8+ Kg6 69. Rg8+ Kf7 70. Rb8 b2 71. Kg2 Ke6 72. Rb5 Kd6 73. Kf2 Rh1 0-1

[Event "GER-ch Net blitz qual2"]
[Site "Playchess.com INT"]
[Date "2020.03.16"]
[Round "5"]
[White "Draeger, Thomas"]
[Black "Schoettker, Jochen"]
[Result "1-0"]
[WhiteElo "2201"]
[BlackElo "1943"]
[PlyCount "159"]
[EventDate "2020.03.16"]
[EventType "swiss (blitz)"]
[EventRounds "9"]
[EventCountry "GER"]
[SourceTitle "CBM 195 Extra"]
[Source "ChessBase"]
[SourceDate "2020.05.31"]
[SourceVersion "1"]
[SourceVersionDate "2020.05.31"]
[SourceQuality "1"]

1. e4 e6 2. d4 d5 3. Nd2 Nf6 4. e5 Nfd7 5. Bd3 c5 6. c3 b6 7. Ne2 a5 8. 0-0 Ba6 9. Bxa6 Nxa6 10. Nf3 Be7 11. Nf4 Nc7 12. Re1 b5 13. a4 b4 14. c4 dxc4 15. d5 exd5 16. Nxd5 Nxd5 17. Qxd5 0-0 18. Qxc4 Nb6 19. Qg4 Qc8 20. Qg3 Qf5 21. b3 Rad8 22. Bb2 Qe6 23. Re3 c4 24. Nd4 Rxd4 25. Bxd4 c3 26. Bxb6 Qxb6 27. Qg4 Bc5 28. Rf3 Qe6 29. Qxe6 fxe6 30. Rxf8+ Kxf8 31. Kf1 Ke7 32. Ke2 Kd7 33. f4 Kc6 34. Kd3 Kd5 35. Rf1 g6 36. g4 Be7 37. h3 Bh4 38. Rd1 Bg3 39. Ke3+ Kc5 40. Kf3 Bh4 41. Ke4 Be7 42. Rc1 Kc6 43. Rd1 Bc5 44. Rc1 h6 45. f5 gxf5+ 46. gxf5 exf5+ 47. Kxf5 Be3 48. Rc2 Kd7 49. Kf6 Ke8 50. Ke6 Bd2 51. Kd6 Kd8 52. e6 Ke8 53. e7 h5 54. Ke6 h4 55. Ra2 Bg5 56. Rg2 Bxe7 57. Rg8+ Bf8 58. Rg2 Kd8 59. Rg8 Ke8 60. Rg2 Bh6 61. Rc2 Bd2 62. Kd6 Kf7 63. Kc6 Ke6 64. Kb5 Ke5 65. Kxa5 Ke4 66. Kxb4 Kd3 67. Rxc3+ Bxc3+ 68. Kb5 Ke3 69. a5 Kf3 70. a6 Bd4 71. Kc6 Kg3 72. b4 Kxh3 73. b5 Kg2 74. b6 Bxb6 75. Kxb6 h3 76. a7 h2 77. a8Q+ Kg1 78. Qg8+ Kf1 79. Qh7 Kg2 80. Qg6+ 1-0

[Event "GER-ch Net blitz qual2"]
[Site "Playchess.com INT"]
[Date "2020.03.16"]
[Round "7"]
[White "Krause, Ullrich"]
[Black "Schoettker, Jochen"]
[Result "1/2-1/2"]
[WhiteElo "2208"]
[BlackElo "1943"]
[PlyCount "60"]
[EventDate "2020.03.16"]
[EventType "swiss (blitz)"]
[EventRounds "9"]
[EventCountry "GER"]
[SourceTitle "CBM 195 Extra"]
[Source "ChessBase"]
[SourceDate "2020.05.31"]
[SourceVersion "1"]
[SourceVersionDate "2020.05.31"]
[SourceQuality "1"]

1. Nf3 e6 2. c4 f5 3. g3 Nf6 4. Bg2 d5 5. Qc2 c6 6. 0-0 Bd6 7. d4 0-0 8. Nc3 Bd7 9. Rb1 a5 10. a3 Be8 11. b4 axb4 12. axb4 Bh5 13. b5 dxc4 14. bxc6 Nxc6 15. Rxb7 Bxf3 16. exf3 Nxd4 17. Qd1 Bc5 18. Be3 e5 19. Qb1 Rb8 20. f4 Rxb7 21. Qxb7 exf4 22. Bxf4 Qb6 23. Qxb6 Bxb6 24. Nd5 Ne2+ 25. Kh1 Nxf4 26. Nxb6 Nxg2 27. Kxg2 c3 28. Rc1 Rb8 29. Na4 Rc8 30. Rxc3 Rxc3 1/2-1/2